| 000 | 00533cas a2200181 4500 | ||
|---|---|---|---|
| 022 | 0 | _a0361-0926 | |
| 040 | _cAzTeS | ||
| 082 | 0 | 4 | _a519 MAR 1976 A062 Or. |
| 245 | 0 | 0 | _aCommunications in statistics: |
| 246 | 1 | 7 | _aCommun. statis.-Theor. meth |
| 246 | 1 | 8 | _aCommun. in statist.: theory and methods |
| 260 |
_a[New York, _bMarcel Dekker] _c1976- |
||
| 300 |
_av. _bill. _c23-26 cm. |
||
| 500 | _aSome issues also have distinctive titles. | ||
| 650 | 0 | _aMathematical statistics | |
| 650 | 6 | _aStatistique mathématique | |
| 942 | _cEK | ||
| 999 |
_c15247 _d15247 |
||